Food Act 1983 and food regulations 1995 : all amendments up to Oktober, 1996.
| Format: | Book |
|---|---|
| Published: |
Kuala Lumpur:
M.D.C.,
1996.
|
| Subjects: |
| LEADER | 00491cam a2200157 7i4500 | ||
|---|---|---|---|
| 001 | 0000006135 | ||
| 005 | 19991025090000.0 | ||
| 002 | ##000007796 | ||
| 020 | 0 | 0 | |a 967-70-0489-1 |
| 090 | 0 | 0 | |a M 344.04232 |b FOO |
| 245 | 0 | 0 | |a Food Act 1983 and food regulations 1995 : |b all amendments up to Oktober, 1996. |
| 260 | 0 | 0 | |a Kuala Lumpur: |b M.D.C., |c 1996. |
| 300 | 0 | 0 | |a 342 p.. |
| 650 | 0 | 0 | |a Food law and legislation -- |z Malaysia |
| 651 | 0 | 0 | |a Malaysia |
| 999 | |a 0000009095 |b Book |c Open shelf |e Business Information Centre | ||


